[Event "Bayern-chTT (LL Sued)"]
[Site "Bayern 2008/09"]
[Date "2009.03.01"]
[Round "7.3"]
[White "Schamberger, Alfons"]
[Black "Taeger, Winfried"]
[Result "0-1"]
[WhiteElo "2162"]
[BlackElo "2232"]
[PlyCount "84"]
[EventDate "2009.03.??"]
[EventType "team-tourn"]
[EventRounds "9"]
[WhiteTeam "Sendling 1"]
[BlackTeam "Tegernsee 2"]

1. c4 e6 2. d4 b6 3. Nf3 Bb7 4. g3 Bxf3 5. exf3 Nf6 6. Bg2 d5 7. O-O c6 8. f4
g6 9. Nd2 Bg7 10. cxd5 cxd5 11. Nf3 O-O 12. Qe2 Nc6 13. Bd2 Ne4 14. Bc3 Nxc3
15. bxc3 Na5 16. Rac1 Rc8 17. h4 Qd6 18. Rc2 Rc7 19. Rfc1 Rfc8 20. h5 Nc4 21.
hxg6 hxg6 22. Qd3 b5 23. Bh3 Bf6 24. Re2 Kg7 25. Kg2 Qa3 26. Rb1 Nd6 27. Rb3
Qa5 28. Rc2 a6 29. g4 Ne4 30. f5 g5 31. fxe6 fxe6 32. Qe3 Rxc3 33. Rcxc3 Rxc3
34. Qe1 Qc7 35. Rb2 Rc2 36. Rxc2 Qxc2 37. a3 Qb2 38. Qe3 Be7 39. Ne5 Qxa3 40.
Qe2 Qc3 41. Nf3 Bf6 42. Kg1 b4 0-1

[Event "Bayern-chTT (LL Sued)"]
[Site "Bayern 2008/09"]
[Date "2009.03.01"]
[Round "7.4"]
[White "Gnegel, Boris-Igor"]
[Black "Nissen, Jens"]
[Result "1-0"]
[WhiteElo "2043"]
[BlackElo "2106"]
[PlyCount "101"]
[EventDate "2009.03.??"]
[EventType "team-tourn"]
[EventRounds "9"]
[WhiteTeam "Tegernsee 2"]
[BlackTeam "Sendling 1"]

1. e4 c5 2. d4 cxd4 3. c3 Nf6 4. e5 Nd5 5. Bc4 Qc7 6. Qe2 Nb6 7. Bb3 d3 8. Qxd3
Qxe5+ 9. Be3 e6 10. Nf3 Qd6 11. Qb5 Qc6 12. a4 Na6 13. Qh5 g6 14. Qe5 Rg8 15.
Nbd2 d6 16. Qg3 Nc5 17. Bxc5 dxc5 18. a5 Nd7 19. Ne5 Qa6 20. Ba4 f6 21. Nxd7
Bxd7 22. Bxd7+ Kxd7 23. Ne4 e5 24. Qh3+ f5 25. Qxh7+ Rg7 26. Qxg7+ Bxg7 27.
Nxc5+ Kc6 28. Nxa6 bxa6 29. O-O-O Rb8 30. Kc2 e4 31. Rhe1 Rb5 32. b4 Rb8 33. f3
Rh8 34. fxe4 Rxh2 35. Rd2 Bh6 36. Rf2 f4 37. Ree2 g5 38. g3 Rxf2 39. Rxf2 fxg3
40. Rg2 Bg7 41. Rxg3 Bf6 42. Kd3 Kd6 43. c4 Ke5 44. b5 Kf4 45. Rg1 Bd8 46. bxa6
Bxa5 47. e5 g4 48. e6 Bd8 49. c5 g3 50. c6 Ke5 51. c7 1-0

[Event "Bayern-chTT (LL Sued)"]
[Site "Bayern 2008/09"]
[Date "2009.03.01"]
[Round "7.5"]
[White "Altmann, Christoph"]
[Black "Lettl, Gerhard"]
[Result "0-1"]
[WhiteElo "2056"]
[BlackElo "2020"]
[PlyCount "84"]
[EventDate "2009.03.??"]
[EventType "team-tourn"]
[EventRounds "9"]
[WhiteTeam "Sendling 1"]
[BlackTeam "Tegernsee 2"]

1. d4 d5 2. c4 c6 3. e3 Nf6 4. Nc3 e6 5. Nf3 Nbd7 6. Bd3 dxc4 7. Bxc4 b5 8. Bd3
Bb7 9. a3 a6 10. O-O c5 11. Qe2 Bd6 12. Rd1 O-O 13. Ng5 Qc7 14. h3 Be7 15. Nge4
Qc6 16. f3 Rfd8 17. Bd2 Rac8 18. Rac1 Qb6 19. Qf2 e5 20. Nxf6+ Nxf6 21. Bf5
exd4 22. Bxc8 dxc3 23. Bxc3 Rxd1+ 24. Rxd1 Bxc8 25. e4 Be6 26. Qd2 Nd7 27. f4
Nf6 28. Ba5 Qb7 29. Qd8+ Bf8 30. e5 Nd5 31. Qg5 h6 32. Qg3 b4 33. Qf3 Qb5 34.
Bd8 Ne7 35. Rd6 Nf5 36. Rb6 Qc4 37. Rb8 Kh7 38. Ba5 Be7 39. Rb7 Bh4 40. Rb8
Qd4+ 41. Kh1 Qd2 42. g4 Bd5 0-1

[Event "Bayern-chTT (LL Sued)"]
[Site "Bayern 2008/09"]
[Date "2009.03.01"]
[Round "7.7"]
[White "Katzer, Joachim"]
[Black "Schuetzhold, Frank"]
[Result "0-1"]
[WhiteElo "1961"]
[BlackElo "1756"]
[PlyCount "64"]
[EventDate "2009.03.??"]
[EventType "team-tourn"]
[EventRounds "9"]
[WhiteTeam "Sendling 1"]
[BlackTeam "Tegernsee 2"]

1. d4 Nf6 2. c4 e6 3. Nc3 Bb4 4. e3 c5 5. Bd3 Nc6 6. a3 Bxc3+ 7. bxc3 d6 8. Ne2
e5 9. O-O e4 10. Bc2 Na5 11. Ng3 Qe7 12. f3 exf3 13. Qxf3 O-O 14. e4 Ne8 15.
Qd3 g6 16. Bh6 Ng7 17. Rae1 f6 18. h4 Be6 19. d5 Bf7 20. Re3 Kh8 21. h5 Rg8 22.
Ref3 Nxh5 23. Nxh5 gxh5 24. Rxf6 Bg6 25. Re6 Qh4 26. g3 Bxe4 27. Rxe4 Rxg3+ 28.
Kf2 Qh2+ 29. Ke1 Rxd3 30. Bxd3 Qg3+ 31. Kd2 Qg6 32. Ref4 Qxh6 0-1

[Event "Bayern-chTT (LL Sued)"]
[Site "Bayern 2008/09"]
[Date "2009.03.01"]
[Round "7.8"]
[White "Leckner, Thomas Dr"]
[Black "Wein, Ulrich(76)"]
[Result "0-1"]
[WhiteElo "1759"]
[BlackElo "1888"]
[PlyCount "75"]
[EventDate "2009.03.??"]
[EventType "team-tourn"]
[EventRounds "9"]
[WhiteTeam "Tegernsee 2"]
[BlackTeam "Sendling 1"]

1. d4 d5 2. Nc3 Nf6 3. Bg5 Bf5 4. f3 h6 5. Bxf6 exf6 6. e4 Be6 7. exd5 Bxd5 8.
Bb5+ c6 9. Qe2+ Be7 10. Bd3 O-O 11. Qf2 Qb6 12. Nxd5 cxd5 13. c3 Nc6 14. Nh3
Rfe8 15. O-O Bd6 16. Rae1 Ne5 17. Bb1 g6 18. Qh4 Kg7 19. Nf2 Nd7 20. Ng4 h5 21.
Ne3 Qc6 22. f4 Re7 23. Rf3 Rae8 24. Rg3 Kf8 25. Bf5 Bb8 26. Bxd7 Rxd7 27. Rf3
Re4 28. Nc2 Rde7 29. Rxe4 Rxe4 30. Re3 Qe6 31. Rxe4 dxe4 32. Qg3 g5 33. Qe3
gxf4 34. Qe1 f5 35. Qh4 e3 36. Kf1 Bd6 37. Qxh5 Qe4 38. Qe2 0-1

[Event "Bayern-chTT (LL Sued)"]
[Site "Bayern 2008/09"]
[Date "2009.03.15"]
[Round "8.1"]
[White "Unger, Michael(60)"]
[Black "Straub, Juergen Dr"]
[Result "1/2-1/2"]
[WhiteElo "2110"]
[BlackElo "2187"]
[PlyCount "75"]
[EventDate "2009.03.??"]
[EventType "team-tourn"]
[EventRounds "9"]
[WhiteTeam "Sendling 1"]
[BlackTeam "Ingolstadt 1"]

1. d4 Nf6 2. Nc3 d5 3. Bg5 Nbd7 4. f3 c5 5. e4 cxd4 6. Qxd4 e5 7. Qa4 d4 8. Nd5
Be7 9. Nxe7 Qxe7 10. Ne2 O-O 11. Ng3 Qc5 12. Bd3 a6 13. Bd2 Qc7 14. O-O Nc5 15.
Qa3 Bd7 16. Bg5 Nxd3 17. cxd3 Qb6 18. Rac1 Rfc8 19. h3 Ne8 20. Bd2 Qg6 21. Kh2
Nd6 22. Qb4 Qe6 23. f4 f6 24. Qb6 Rxc1 25. Rxc1 Bc6 26. fxe5 fxe5 27. Bb4 g6
28. Qc5 Nf7 29. Rf1 Rc8 30. Rc1 Bd7 31. Qe7 Qxe7 32. Rxc8+ Bxc8 33. Bxe7 Be6
34. a3 Bb3 35. Nh1 Bc2 36. Nf2 h5 37. Kg3 Kg7 38. Kf3 1/2-1/2

[Event "Bayern-chTT (LL Sued)"]
[Site "Bayern 2008/09"]
[Date "2009.03.15"]
[Round "8.2"]
[White "Eitel, Harald"]
[Black "Kuenzner, Franz"]
[Result "1-0"]
[WhiteElo "2203"]
[BlackElo "2278"]
[PlyCount "119"]
[EventDate "2009.03.??"]
[EventType "team-tourn"]
[EventRounds "9"]
[WhiteTeam "Ingolstadt 1"]
[BlackTeam "Sendling 1"]

1. d4 d5 2. Nf3 c6 3. g3 Bg4 4. Bg2 Nd7 5. O-O e6 6. c4 Bd6 7. Nc3 f5 8. Ng5
Nf8 9. f3 Bh5 10. Nh3 Qd7 11. Qa4 Ne7 12. Bf4 dxc4 13. Qxc4 Bxf4 14. Nxf4 Bf7
15. Nd3 Rd8 16. e3 Nfg6 17. Qa4 b6 18. Rfd1 O-O 19. Rac1 a5 20. f4 Nd5 21. Nxd5
cxd5 22. Qxd7 Rxd7 23. Rc6 Rb8 24. Rdc1 Ne7 25. R6c3 Be8 26. Bf1 Rdd8 27. Rc7
Kf8 28. Ne5 Rdc8 29. Ba6 Rxc7 30. Rxc7 b5 31. Nd3 Rb6 32. Nc5 a4 33. Rb7 Rxb7
34. Nxe6+ Kf7 35. Nd8+ Kf6 36. Bxb7 b4 37. a3 bxa3 38. bxa3 h6 39. Kf2 g5 40.
Ke1 Bd7 41. Kd2 Bc8 42. Ba8 Ba6 43. Kc3 Bc4 44. Kb4 Nc8 45. Kc5 Ke7 46. Nc6+
Ke6 47. Nb4 Ne7 48. Bb7 g4 49. Ba8 h5 50. Bb7 Bb3 51. Bc6 Bc4 52. Bxa4 Ng8 53.
Bc2 Nf6 54. a4 h4 55. gxh4 Nh5 56. a5 g3 57. hxg3 Nxg3 58. a6 Bxa6 59. Nxa6 Nf1
60. Nc7+ 1-0

[Event "Bayern-chTT (LL Sued)"]
[Site "Bayern 2008/09"]
[Date "2009.03.15"]
[Round "8.3"]
[White "Schamberger, Alfons"]
[Black "Gerstner, Bernhard"]
[Result "0-1"]
[WhiteElo "2162"]
[BlackElo "2136"]
[PlyCount "94"]
[EventDate "2009.03.??"]
[EventType "team-tourn"]
[EventRounds "9"]
[WhiteTeam "Sendling 1"]
[BlackTeam "Ingolstadt 1"]

1. Nf3 Nf6 2. g3 b6 3. Bg2 Bb7 4. O-O e6 5. d3 d5 6. c3 Nbd7 7. Nbd2 c5 8. Re1
Be7 9. e4 dxe4 10. Nxe4 O-O 11. Bf4 Nd5 12. Bd6 Bxd6 13. Nxd6 Bc6 14. Nc4 Qc7
15. Nce5 Nxe5 16. Nxe5 Bb7 17. Qe2 Nf6 18. Rad1 Rad8 19. Bxb7 Qxb7 20. Nf3 b5
21. d4 c4 22. Ne5 Rd6 23. Ra1 Nd5 24. Rec1 Nb6 25. b3 Rc8 26. Rab1 Qd5 27. Qf3
f6 28. Qxd5 Rxd5 29. bxc4 Nxc4 30. Nxc4 Rxc4 31. Re1 Kf7 32. Re3 a6 33. Rbe1
Rd6 34. Rb1 Ra4 35. Rb2 Rc6 36. Kg2 Ra3 37. h4 Raxc3 38. Rxc3 Rxc3 39. a4 bxa4
40. Rb7+ Kg6 41. Rb6 Kf5 42. Rxa6 a3 43. Kg1 Ke4 44. Rxe6+ Kxd4 45. Ra6 Kd3 46.
Ra7 Kc2 47. Rxg7 a2 0-1

[Event "Bayern-chTT (LL Sued)"]
[Site "Bayern 2008/09"]
[Date "2009.03.15"]
[Round "8.4"]
[White "Wurzel, Andre"]
[Black "Nissen, Jens"]
[Result "1-0"]
[WhiteElo "2211"]
[BlackElo "2106"]
[PlyCount "85"]
[EventDate "2009.03.??"]
[EventType "team-tourn"]
[EventRounds "9"]
[WhiteTeam "Ingolstadt 1"]
[BlackTeam "Sendling 1"]

1. Nf3 c5 2. c4 Nc6 3. d4 cxd4 4. Nxd4 g6 5. e4 Bg7 6. Nc2 d6 7. Be2 Nf6 8. Nc3
O-O 9. O-O Nd7 10. Bd2 Nc5 11. b4 Ne6 12. Rc1 Ned4 13. Nxd4 Nxd4 14. Be3 Nxe2+
15. Qxe2 f5 16. exf5 Rxf5 17. Rfd1 a5 18. Nd5 Re5 19. f4 Rh5 20. Bb6 Qf8 21.
Nxe7+ Kh8 22. Rxd6 Bg4 23. Qxg4 Qxe7 24. Rd7 Qxb4 25. Qe6 Rf5 26. Rcd1 Raf8 27.
Rxg7 Kxg7 28. Bd4+ Kh6 29. Qe3 Qxc4 30. Qh3+ Rh5 31. Qe3 Rhf5 32. h4 Qa4 33.
Rf1 Re8 34. Qc3 Qd7 35. g4 Rd5 36. Bg7+ Qxg7 37. g5+ Kh5 38. Qxg7 Re2 39. Qxh7+
Kg4 40. Qxb7 Rdd2 41. a4 Kxh4 42. Qf3 Rh2 43. f5 1-0

[Event "Bayern-chTT (LL Sued)"]
[Site "Bayern 2008/09"]
[Date "2009.03.15"]
[Round "8.5"]
[White "Altmann, Christoph"]
[Black "Holl, Andreas(57)"]
[Result "1-0"]
[WhiteElo "2056"]
[BlackElo "2147"]
[PlyCount "156"]
[EventDate "2009.03.??"]
[EventType "team-tourn"]
[EventRounds "9"]
[WhiteTeam "Sendling 1"]
[BlackTeam "Ingolstadt 1"]

1. d4 Nf6 2. Bg5 e6 3. Nd2 c5 4. e3 d5 5. c3 Nc6 6. Bd3 h6 7. Bh4 Be7 8. f4 Qb6
9. Rb1 Bd7 10. Qe2 Qc7 11. Nh3 O-O-O 12. O-O Kb8 13. Kh1 Ka8 14. Bg3 Bd6 15.
Rbd1 Ne7 16. dxc5 Qxc5 17. c4 Nf5 18. Bf2 Qc7 19. Rc1 Rc8 20. c5 Bf8 21. b4 e5
22. Bxf5 Bxf5 23. fxe5 Bxh3 24. exf6 Be6 25. Bg3 Qd7 26. Be5 gxf6 27. Bxf6 Rg8
28. Nb3 Bf5 29. Nd2 Qe6 30. Bd4 Bg7 31. Qf3 Bd3 32. Qxf7 Qg4 33. Rf4 Qe2 34.
Rf2 Qg4 35. Bxg7 Rxg7 36. Qxd5 Bb5 37. Qf5 Bc6 38. e4 Rd8 39. Qxg4 Rxg4 40. h3
Rg3 41. Re1 a5 42. bxa5 Rd4 43. Kh2 Rc3 44. Nb3 Rxe4 45. Rxe4 Bxe4 46. Rd2 h5
47. Re2 Bc6 48. Rf2 Rc4 49. Rd2 h4 50. Kg1 Ka7 51. Kf2 Ka6 52. g3 Rc3 53. gxh4
Rf3+ 54. Ke2 Rxh3 55. Rd4 Rh2+ 56. Ke3 Rxa2 57. Rb4 Rh2 58. Rb6+ Ka7 59. a6 Bh1
60. axb7 Bxb7 61. Na5 Bh1 62. Rh6 Rc2 63. Kd4 Rd2+ 64. Kc3 Rd1 65. Rd6 Rc1+ 66.
Kd4 Bg2 67. h5 Rh1 68. h6 Rh4+ 69. Ke5 Rh5+ 70. Kd4 Rh4+ 71. Kc3 Rh5 72. Kb4
Rh4+ 73. Kb5 Bf1+ 74. Kc6 Rh5 75. Nb3 Bg2+ 76. Kc7 Bd5 77. Nd4 Be4 78. Nc6+ Ka6
1-0

[Event "Bayern-chTT (LL Sued)"]
[Site "Bayern 2008/09"]
[Date "2009.03.15"]
[Round "8.6"]
[White "Michaelis, Lothar"]
[Black "Katzer, Joachim"]
[Result "1/2-1/2"]
[WhiteElo "2130"]
[BlackElo "1961"]
[PlyCount "87"]
[EventDate "2009.03.??"]
[EventType "team-tourn"]
[EventRounds "9"]
[WhiteTeam "Ingolstadt 1"]
[BlackTeam "Sendling 1"]

1. e4 c5 2. Nf3 d6 3. d4 cxd4 4. Nxd4 Nf6 5. Nc3 a6 6. f3 e5 7. Nb3 Be6 8. Be3
Be7 9. Qd2 O-O 10. O-O-O Nbd7 11. g4 Rc8 12. g5 Nh5 13. Kb1 b5 14. Nd5 Bxd5 15.
exd5 Nb6 16. Na5 Nxd5 17. Nb7 Qc7 18. Qxd5 Rb8 19. c4 Qxb7 20. cxb5 axb5 21.
Qxb7 Rxb7 22. Rd5 Rfb8 23. Bd3 g6 24. Kc2 Ng7 25. h4 Ne6 26. Be4 Rc7+ 27. Kb1
Kg7 28. Rg1 Rc4 29. b3 Rc3 30. Bd2 Rc5 31. Rd3 Rcc8 32. b4 Rc4 33. Ra3 d5 34.
Bxd5 Bxb4 35. Bxc4 Bxa3 36. Bxe6 fxe6 37. Bc3 Kg8 38. Bxe5 Rd8 39. Kc2 Rd5 40.
Re1 Bc5 41. f4 Bf2 42. Rh1 Bd4 43. Re1 Bf2 44. Rh1 1/2-1/2

[Event "Bayern-chTT (LL Sued)"]
[Site "Bayern 2008/09"]
[Date "2009.03.15"]
[Round "8.7"]
[White "Solger, Bernhard"]
[Black "Spiess, Martin"]
[Result "0-1"]
[WhiteElo "1833"]
[BlackElo "2103"]
[PlyCount "42"]
[EventDate "2009.03.??"]
[EventType "team-tourn"]
[EventRounds "9"]
[WhiteTeam "Sendling 1"]
[BlackTeam "Ingolstadt 1"]

1. c4 e6 2. Nc3 d5 3. cxd5 exd5 4. d4 c6 5. Nf3 Bf5 6. Qb3 Qb6 7. Qxb6 axb6 8.
Bf4 Nf6 9. a3 b5 10. Bxb8 Rxb8 11. b4 Ra8 12. Ra2 Ne4 13. Nb1 Bxb4+ 14. Nfd2
Nxd2 15. Nxd2 Rxa3 16. Rxa3 Bxa3 17. Kd1 Kd7 18. f3 Bb2 19. e4 dxe4 20. d5 exf3
21. Nxf3 Kc7 0-1

[Event "Bayern-chTT (LL Sued)"]
[Site "Bayern 2008/09"]
[Date "2009.03.15"]
[Round "8.8"]
[White "Sailer, Wolfgang"]
[Black "Wein, Ulrich(76)"]
[Result "1-0"]
[WhiteElo "2051"]
[BlackElo "1888"]
[PlyCount "45"]
[EventDate "2009.03.??"]
[EventType "team-tourn"]
[EventRounds "9"]
[WhiteTeam "Ingolstadt 1"]
[BlackTeam "Sendling 1"]

1. d4 d5 2. c4 c6 3. Nf3 Nf6 4. g3 Bf5 5. Bg2 Bxb1 6. Rxb1 Qa5+ 7. Bd2 Qxa2 8.
c5 Nbd7 9. O-O Ne4 10. Ra1 Qxb2 11. Rb1 Qa2 12. Rxb7 Qa6 13. Qb3 e6 14. Bf4 Be7
15. Rb1 g5 16. Ne5 Nxe5 17. Bxe5 f6 18. Bxe4 fxe5 19. Bd3 Qa5 20. Rxe7+ Kxe7
21. Qb7+ Kf6 22. dxe5+ Kxe5 23. Qg7# 1-0

[Event "Bayern-chTT (LL Sued)"]
[Site "Bayern 2008/09"]
[Date "2009.03.15"]
[Round "8.1"]
[White "Pezerovic, Edin"]
[Black "Bayer, Bernhard"]
[Result "1-0"]
[WhiteElo "2432"]
[BlackElo "2346"]
[PlyCount "77"]
[EventDate "2009.03.??"]
[EventType "team-tourn"]
[EventRounds "9"]
[WhiteTeam "Tegernsee 2"]
[BlackTeam "Weilheim 1"]

1. d4 Nf6 2. Nf3 d6 3. g3 Nbd7 4. Bg2 e5 5. c4 c6 6. Nc3 Be7 7. O-O O-O 8. e4
a6 9. a4 a5 10. Qc2 Qc7 11. b3 Re8 12. Bb2 Bf8 13. Rad1 h6 14. Rd2 Nh7 15. Nd1
Ndf6 16. Ne3 exd4 17. Nxd4 Ng5 18. f3 Qb6 19. h4 Ne6 20. Nxe6 fxe6 21. Bd4 Qc7
22. Bxf6 gxf6 23. Kh2 Qg7 24. f4 Bd7 25. Bh3 d5 26. e5 Rad8 27. exf6 Qxf6 28.
Ng4 Qg7 29. Ne5 Bd6 30. Ng6 Bb4 31. Rg2 Bd6 32. h5 e5 33. Bxd7 Rxd7 34. fxe5
Bxe5 35. Re2 Rf7 36. Rfe1 Bxg3+ 37. Kxg3 Rf3+ 38. Kxf3 Qf6+ 39. Nf4 1-0

[Event "Bayern-chTT (LL Sued)"]
[Site "Bayern 2008/09"]
[Date "2009.03.15"]
[Round "8.2"]
[White "De Francesco, Klaus"]
[Black "Taeger, Winfried"]
[Result "1-0"]
[WhiteElo "2241"]
[BlackElo "2232"]
[PlyCount "77"]
[EventDate "2009.03.??"]
[EventType "team-tourn"]
[EventRounds "9"]
[WhiteTeam "Weilheim 1"]
[BlackTeam "Tegernsee 2"]

1. d4 Nf6 2. c4 b6 3. Nc3 Bb7 4. Qc2 e6 5. Bg5 h6 6. Bh4 Bb4 7. f3 d5 8. e3 c5
9. a3 Bxc3+ 10. bxc3 Nbd7 11. cxd5 exd5 12. Bd3 Qe7 13. Qd2 O-O 14. Ne2 Rfe8
15. Bf2 Nb8 16. O-O Nc6 17. Ng3 Na5 18. Nf5 Qf8 19. Qb2 Re6 20. Rae1 Rc8 21.
Ng3 cxd4 22. cxd4 Nc4 23. Qa2 Nd6 24. Rc1 Ree8 25. Nf5 g6 26. Nxd6 Qxd6 27. Qb2
Rxc1 28. Rxc1 Qe6 29. Rc7 Re7 30. Qc1 Kg7 31. Rxe7 Qxe7 32. Bh4 g5 33. Bg3 Ne8
34. h4 Nd6 35. hxg5 hxg5 36. Kf2 Nc4 37. Bxc4 dxc4 38. Qxc4 Qxa3 39. Be5+ 1-0

[Event "Bayern-chTT (LL Sued)"]
[Site "Bayern 2008/09"]
[Date "2009.03.15"]
[Round "8.3"]
[White "Gnegel, Boris-Igor"]
[Black "Lochte, Thomas"]
[Result "1-0"]
[WhiteElo "2043"]
[BlackElo "2126"]
[PlyCount "75"]
[EventDate "2009.03.??"]
[EventType "team-tourn"]
[EventRounds "9"]
[WhiteTeam "Tegernsee 2"]
[BlackTeam "Weilheim 1"]

1. e4 e6 2. Be2 d5 3. exd5 exd5 4. Nf3 Nf6 5. O-O Bd6 6. b3 O-O 7. Bb2 Nbd7 8.
c4 b6 9. d4 Bb7 10. Nc3 Re8 11. cxd5 Nxd5 12. Nxd5 Bxd5 13. Bc4 Be4 14. Re1 Qf6
15. Qe2 Qf4 16. Ne5 Nxe5 17. dxe5 Bxe5 18. g3 Qf5 19. Bxe5 Qxe5 20. Rad1 Qf5
21. Bd5 Re6 22. Bxe6 Bf3 23. Qxf3 Qxf3 24. Bd5 Qf6 25. Bxa8 h5 26. Be4 g6 27.
Bd3 h4 28. Bc4 h3 29. Bf1 Qf5 30. Re7 Qc2 31. Rd8+ Kg7 32. Rdd7 Qxa2 33. Rxf7+
Kh6 34. Rh7+ Kg5 35. f4+ Kg4 36. Rde7 Qa1 37. Re3 Qc1 38. Kf2 1-0

[Event "Bayern-chTT (LL Sued)"]
[Site "Bayern 2008/09"]
[Date "2009.03.15"]
[Round "8.4"]
[White "Erler, Herbert(46)"]
[Black "Lettl, Gerhard"]
[Result "1/2-1/2"]
[WhiteElo "2020"]
[BlackElo "2020"]
[PlyCount "62"]
[EventDate "2009.03.??"]
[EventType "team-tourn"]
[EventRounds "9"]
[WhiteTeam "Weilheim 1"]
[BlackTeam "Tegernsee 2"]

1. g3 d5 2. Bg2 c5 3. Nf3 Nc6 4. O-O Nf6 5. d3 e5 6. e4 dxe4 7. dxe4 Bg4 8. c3
Qxd1 9. Rxd1 Be7 10. Nbd2 h6 11. Re1 Be6 12. Bf1 Nd7 13. a4 Na5 14. Be2 O-O 15.
Nh4 Bxh4 16. gxh4 c4 17. f3 Rfd8 18. Nf1 Nb3 19. Ra3 Nxc1 20. Rxc1 a5 21. Kf2
Nc5 22. Rc2 Nd7 23. Ke3 Nb6 24. Rd2 Rxd2 25. Nxd2 Rc8 26. Ra1 g6 27. Bd1 Kg7
28. Bc2 f5 29. f4 exf4+ 30. Kxf4 Kf6 31. Nf3 fxe4 1/2-1/2

[Event "Bayern-chTT (LL Sued)"]
[Site "Bayern 2008/09"]
[Date "2009.03.15"]
[Round "8.5"]
[White "Steiner, Marcus(69)"]
[Black "Shahin, Walid"]
[Result "1-0"]
[WhiteElo "1990"]
[BlackElo "2030"]
[PlyCount "113"]
[EventDate "2009.03.??"]
[EventType "team-tourn"]
[EventRounds "9"]
[WhiteTeam "Tegernsee 2"]
[BlackTeam "Weilheim 1"]

1. d4 Nf6 2. c4 e6 3. Nc3 b6 4. e4 d6 5. Bd3 e5 6. d5 Be7 7. Nge2 O-O 8. O-O
Nbd7 9. Ng3 Nc5 10. Be2 a5 11. b3 Ne8 12. Bg4 Bg5 13. Bxc8 Bxc1 14. Rxc1 Rxc8
15. Qg4 Nd3 16. Rc2 Nf6 17. Qh4 Nf4 18. Nce2 Ng6 19. Qg5 Qd7 20. f3 Rce8 21.
Nf5 Qd8 22. g3 h6 23. Qd2 Nh7 24. a3 Ne7 25. Nxe7+ Qxe7 26. Nc3 f5 27. exf5
Rxf5 28. Ne4 Ref8 29. Qe3 Nf6 30. Nxf6+ Qxf6 31. Rcf2 g5 32. Qe4 Rf7 33. Kg2 h5
34. Qc2 Rg7 35. Qe2 h4 36. Rg1 Kf8 37. Qe4 Rf7 38. b4 axb4 39. axb4 h3+ 40.
Kxh3 Rxf3 41. Rxf3 Qxf3 42. Qxf3 Rxf3 43. Rc1 Kf7 44. Kg4 Rf2 45. Kxg5 Rxh2 46.
c5 bxc5 47. bxc5 Rd2 48. cxd6 cxd6 49. Rc7+ Ke8 50. Kf6 Kd8 51. Ra7 Rxd5 52. g4
e4 53. g5 Rd1 54. g6 e3 55. g7 Rf1+ 56. Ke6 Rg1 57. g8=Q+ 1-0

[Event "Bayern-chTT (LL Sued)"]
[Site "Bayern 2008/09"]
[Date "2009.03.15"]
[Round "8.6"]
[White "Sindermann, Peter(68)"]
[Black "Billenkamp, Thomas"]
[Result "0-1"]
[WhiteElo "1897"]
[BlackElo "1971"]
[PlyCount "104"]
[EventDate "2009.03.??"]
[EventType "team-tourn"]
[EventRounds "9"]
[WhiteTeam "Weilheim 1"]
[BlackTeam "Tegernsee 2"]

1. c4 g6 2. d4 Nf6 3. Nc3 Bg7 4. e4 d6 5. f4 O-O 6. Nf3 c5 7. d5 e6 8. Be2 exd5
9. cxd5 Bg4 10. h3 Bxf3 11. Bxf3 Nbd7 12. O-O Re8 13. Bd2 c4 14. Kh1 a6 15. Rb1
Nc5 16. Re1 Nd3 17. Re2 Nd7 18. b3 Qh4 19. bxc4 Nxf4 20. Be1 Qh6 21. Rc2 Ne5
22. Bd2 Nxc4 23. Bxf4 Qxf4 24. Ne2 Qh4 25. Rxc4 b5 26. Rcb4 Be5 27. a4 bxa4 28.
Qxa4 h5 29. Qd1 Kg7 30. Qe1 Qf6 31. Nc1 Bc3 32. e5 Bxe5 33. Qd1 Bc3 34. Re4
Rxe4 35. Bxe4 Re8 36. Qc2 Rxe4 37. Qxe4 Qf1+ 38. Kh2 Be5+ 39. g3 Qf2+ 40. Qg2
Bxg3+ 41. Kh1 Qe1+ 42. Qg1 Qe4+ 43. Qg2 Qxb1 44. Qxg3 Qxc1+ 45. Kg2 Qd2+ 46.
Kf1 Qxd5 47. Qc3+ Qe5 48. Qc7 a5 49. Qa7 Qa1+ 50. Ke2 a4 51. Qd7 a3 52. Qxd6
Qb2+ 0-1

[Event "Bayern-chTT (LL Sued)"]
[Site "Bayern 2008/09"]
[Date "2009.03.15"]
[Round "8.7"]
[White "Schuetzhold, Frank"]
[Black "Tafertshofer, Matthias"]
[Result "1-0"]
[WhiteElo "1756"]
[BlackElo "1473"]
[PlyCount "53"]
[EventDate "2009.03.??"]
[EventType "team-tourn"]
[EventRounds "9"]
[WhiteTeam "Tegernsee 2"]
[BlackTeam "Weilheim 1"]

1. b3 e5 2. Bb2 Nc6 3. c4 Nf6 4. e3 Bc5 5. a3 a5 6. d4 exd4 7. exd4 Be7 8. d5
Nb8 9. Nf3 d6 10. Be2 Bg4 11. Nd4 Bd7 12. O-O c6 13. dxc6 bxc6 14. Bf3 O-O 15.
Nc3 Ra7 16. Qd3 Qb6 17. Rfe1 Bc8 18. Re2 d5 19. Rae1 Re8 20. cxd5 Ba6 21. Ndb5
cxb5 22. Ne4 b4 23. Nxf6+ gxf6 24. Qf5 Bc8 25. Qf4 Kf8 26. Qh6+ Kg8 27. Be4 1-0

[Event "Bayern-chTT (LL Sued)"]
[Site "Bayern 2008/09"]
[Date "2009.03.15"]
[Round "8.8"]
[White "Kobold, Julius"]
[Black "Leckner, Thomas Dr"]
[Result "1-0"]
[WhiteElo "1494"]
[BlackElo "1759"]
[PlyCount "41"]
[EventDate "2009.03.??"]
[EventType "team-tourn"]
[EventRounds "9"]
[WhiteTeam "Weilheim 1"]
[BlackTeam "Tegernsee 2"]

1. e4 d5 2. exd5 Nf6 3. c4 e6 4. dxe6 Bxe6 5. Nf3 Qe7 6. Qe2 Nc6 7. d4 O-O-O 8.
d5 Qb4+ 9. Nc3 Bc5 10. a3 Qb3 11. dxe6 Ng4 12. Ne4 Bb4+ 13. axb4 Nxb4 14. Rxa7
Kb8 15. Rxb7+ Ka8 16. Rxb4 Qxb4+ 17. Nc3 Rd6 18. Qe4+ Kb8 19. Qxg4 Rhd8 20. Be2
Rxe6 21. O-O 1-0

[Event "Bayern-chTT (LL Sued)"]
[Site "Bayern 2008/09"]
[Date "2009.03.15"]
[Round "8.1"]
[White "Umansky, Mikhail(52)"]
[Black "Dirr, Ulrich"]
[Result "1-0"]
[WhiteElo "2416"]
[BlackElo "2271"]
[PlyCount "95"]
[EventDate "2009.03.??"]
[EventType "team-tourn"]
[EventRounds "9"]
[WhiteTeam "Haunstetten 1"]
[BlackTeam "Zugzwang-82 /1"]

1. d4 d5 2. c4 c6 3. Nf3 Nf6 4. Nc3 a6 5. Bg5 Ne4 6. e3 Nxg5 7. Nxg5 e6 8. f4
Be7 9. h4 h6 10. Nf3 Nd7 11. Qc2 dxc4 12. Bxc4 b5 13. Bd3 Qb6 14. f5 c5 15.
fxe6 Qxe6 16. O-O-O O-O 17. Bf5 Qxe3+ 18. Kb1 Qf4 19. Rhe1 Bd8 20. Nd5 Qd6 21.
Bxd7 Qxd7 22. dxc5 Qg4 23. Rd4 Qf5 24. Ne7+ Bxe7 25. Rxe7 Qf6 26. Re5 Be6 27.
c6 Rfd8 28. Rxd8+ Qxd8 29. c7 Qd7 30. Rc5 Rc8 31. b3 g6 32. Kb2 b4 33. a3 bxa3+
34. Kxa3 Qd6 35. Kb2 a5 36. Qc3 Qg3 37. Qd2 Kh7 38. Qc2 Qf4 39. h5 Bf5 40.
hxg6+ Bxg6 41. Qc3 a4 42. Rc4 Qg3 43. bxa4 Qxg2+ 44. Ka3 Bb1 45. Nd2 Bf5 46.
Rc5 Qg4 47. Nc4 Rg8 48. Ne3 1-0

[Event "Bayern-chTT (LL Sued)"]
[Site "Bayern 2008/09"]
[Date "2009.03.15"]
[Round "8.2"]
[White "Krulich, Roman"]
[Black "Schnelzer, Reinhold Dr"]
[Result "1/2-1/2"]
[WhiteElo "2201"]
[BlackElo "2215"]
[PlyCount "102"]
[EventDate "2009.03.??"]
[EventType "team-tourn"]
[EventRounds "9"]
[WhiteTeam "Zugzwang-82 /1"]
[BlackTeam "Haunstetten 1"]

1. e4 c6 2. Nf3 d5 3. exd5 cxd5 4. Ne5 Nf6 5. d4 e6 6. Bd3 Nc6 7. c3 Nxe5 8.
dxe5 Nd7 9. Bf4 g5 10. Bg3 Bg7 11. Qe2 Qc7 12. O-O Bxe5 13. Nd2 Bxg3 14. fxg3
Qe5 15. Qf2 O-O 16. Rae1 Qg7 17. Qe3 b6 18. g4 Nc5 19. Bb1 Bb7 20. Nf3 h6 21.
Nd4 Rae8 22. Nf5 Qh8 23. Ng3 Bc6 24. Nh5 f5 25. gxf5 exf5 26. Qg3 Ne4 27. Bxe4
Rxe4 28. Qd6 Be8 29. Qxd5+ Bf7 30. Qxf5 Rxe1 31. Nf6+ Kg7 32. Rxe1 Bg6 33. Qd7+
Rf7 34. Ne8+ Kh7 35. Re7 Qf8 36. Nf6+ Kg7 37. Rxf7+ Qxf7 38. Qxf7+ Bxf7 39. Ne4
Bxa2 40. Nd6 Be6 41. Kf2 Kf6 42. Ke3 Ke5 43. Nb5 a6 44. Nd4 Bd5 45. g3 Bb7 46.
Nc2 Be4 47. Nd4 Bg6 48. h4 gxh4 49. gxh4 h5 50. Nc6+ Kd6 51. Nd4 Ke5 1/2-1/2